000 00731nam a2200289Ia 4500
005 20260324135110.0
008 008 260324s9999 xx 000 0 eng d
020 _a9781315196343
037 _aEBOOK
040 _aCRL
040 _beng
040 _cCRL
041 _2eng
041 _aeng
084 _qCRL
100 _aBen Chiagra
_91199329
245 0 _aRevival: Legitimacy Deficit in Custom: Towards a Deconstructionist Theory (2001)
245 0 _bTowards a Deconstructionist Theory
260 _bTaylor and Francis
260 _c2001
365 _a
365 _b205
856 _uhttp://www.taylorfrancis.com/books/9781315196343
942 _cEBOOK
999 _c1800057
_d1800057